The X Factor: Steve Brookstein Quiz Stats

 Plays Quiz not verified by Sporcle

Also try: The X Factor: G4
Challenge
Share
Tweet
Embed
Score 0/12 Timer 03:00
0 Plays Today
Week Song % Correct
Week 1When a Man Loves a Woman
75%
Week 3Smile
75%
FinalSmile
75%
Week 2If You Don't Know Me by Now
50%
Week 4Help Me Make It Through the Night
50%
Week 5Let's Stay Together
50%
Week 6If I Could Turn Back the Hands of Time
50%
Week 7The Greatest Love of All
50%
Final(Your Love Keeps Lifting Me) Higher and Higher
50%
FinalAgainst All Odds (Take a Look at Me Now)
50%
Week 6I Get the Sweetest Feeling
25%
Week 7Have I Told You Lately
25%

You're not logged in!

Compare scores with friends on all Sporcle quizzes.
OR
Log In

You Might Also Like...

Show Comments

Extras

Top Quizzes Today


Score Distribution

Your Account Isn't Verified!

In order to create a playlist on Sporcle, you need to verify the email address you used during registration. Go to your Sporcle Settings to finish the process.

Report this User

Report this user for behavior that violates our Community Guidelines.

Details: